000 00272nam a22001337a 4500
008 171226b xxu||||| |||| 00| 0 eng d
020 _a9781259284267
041 _aeng
080 _a32
100 _a19
101 _aPOL
245 _aAM GOV
_cLOSCO
942 _2udc
_cBK
999 _c39392
_d39392